|
|
|
|
| LEADER |
00000naa a2200000 i 4500 |
| 001 |
publ540 |
| 005 |
20151110112751.0 |
| 008 |
151110s2003 hu o 000 zxx d |
| 040 |
|
|
|a BGE Publikációtár Repozitórium
|b hun
|
| 100 |
1 |
|
|a Csesznák Anita
|
| 245 |
1 |
2 |
|a A jövedelmezőség vizsgálata, különös tekintettel az agrárgazdaságokra
|c Csesznák Anita
|h [elektronikus dokumentum]
|
| 260 |
|
|
|a Budapesti Gazdasági Főiskola
|b Budapest
|c 2003
|
| 300 |
|
|
|a 208-217
|
| 490 |
0 |
|
|a Tudományos Évkönyv 2002: Híd kelet és nyugat között
|
| 650 |
|
4 |
|a matematika- és számítástudományok
|
| 695 |
|
|
|a Jövedelmezőségvizsgálat
|
| 695 |
|
|
|a Agrárgazdaság
|
| 856 |
4 |
0 |
|u https://publikaciotar.uni-bge.hu/id/eprint/540/1/Cseszn%C3%A1k%20Anita%20-%20A%20j%C3%B6vedelmez%C5%91%20vizsg%C3%A1lata%20%2C%20k%C3%BCl%C3%B6n%C3%B6s%20tekinettel%20aza%20agr%C3%A1rgazdas%C3%A1gokra.pdf
|z Dokumentum-elérés
|